000 00461nam a22001937a 4500
003 OSt
005 20180116183058.0
008 161028b xxu||||| |||| 00| 0 eng d
020 _a0571200389
040 _c0
082 _a813.54 SET 1986
100 _aSeth,Vikram
245 _aThe Golden Gate
_cVikram Seth
260 _aGreat Britain
_bFaber and Faber
_c1986
300 _a307p.
_bPB.
440 _aThe Golden Gate
500 _aPB.
942 _2ddc
_cBK
999 _c351924
_d351924